ARRUPE JESUIT UNIVERSITY

CORONAVIRUS -STOP THE SPREAD - CLEAN,DISINFECT,COVER

A dictionary of modern English usage / (Record no. 128414)

MARC details
000 -LEADER
fixed length control field 01007cam a2200277 a 4500
001 - CONTROL NUMBER
control field 1051827
003 - CONTROL NUMBER IDENTIFIER
control field ARRUPE
005 - DATE AND TIME OF LATEST TRANSACTION
control field 20181031122641.0
008 - FIXED-LENGTH DATA ELEMENTS--GENERAL INFORMATION
fixed length control field 900806s1991 enk d 000 0 eng
010 ## - LIBRARY OF CONGRESS CONTROL NUMBER
LC control number 90007925
020 ## - INTERNATIONAL STANDARD BOOK NUMBER
International Standard Book Number 0198691157
020 ## - INTERNATIONAL STANDARD BOOK NUMBER
International Standard Book Number 0192813897 (pbk.)
040 ## - CATALOGING SOURCE
Original cataloging agency DLC
Transcribing agency DLC
Modifying agency DLC
050 00 - LIBRARY OF CONGRESS CALL NUMBER
Classification number REF. PE1128
Item number .O984 1991 vol. 3
Classification number PE1628
082 00 - DEWEY DECIMAL CLASSIFICATION NUMBER
Classification number 428 s
-- 423/.1
Edition number 21
300 ## - PHYSICAL DESCRIPTION
Dimensions 21 cm.
100 1# - MAIN ENTRY--PERSONAL NAME
Personal name Fowler, H. W.
Fuller form of name (Henry Watson),
Dates associated with a name 1858-1933.
9 (RLIN) 43036
245 12 - TITLE STATEMENT
Title A dictionary of modern English usage /
Statement of responsibility, etc by H.W. Fowler.
250 ## - EDITION STATEMENT
Edition statement 2nd ed. rev. /
Remainder of edition statement by Sir Ernest Gowers.
260 ## - PUBLICATION, DISTRIBUTION, ETC. (IMPRINT)
Place of publication, distribution, etc Oxford [England] ;
-- New York :
Name of publisher, distributor, etc Oxford University Press,
Date of publication, distribution, etc 1991.
300 ## - PHYSICAL DESCRIPTION
Extent xxii, 725 p. ;
440 #4 - SERIES STATEMENT/ADDED ENTRY--TITLE
Title The Oxford library of English usage ;
Volume number/sequential designation v. 3
9 (RLIN) 43037
650 #0 - SUBJECT ADDED ENTRY--TOPICAL TERM
Topical term or geographic name as entry element English language
General subdivision Usage
-- Dictionaries.
9 (RLIN) 43038
700 1# - ADDED ENTRY--PERSONAL NAME
Personal name Gowers, Ernest,
Dates associated with a name 1880-1966.
9 (RLIN) 43039
700 1# - ADDED ENTRY--PERSONAL NAME
Personal name Thomson A.J.
9 (RLIN) 43181
700 1# - ADDED ENTRY--PERSONAL NAME
Personal name Martinet, A.V.
9 (RLIN) 43182
740 0# - ADDED ENTRY--UNCONTROLLED RELATED/ANALYTICAL TITLE
Uncontrolled related/analytical title Modern English usage.
906 ## - LOCAL DATA ELEMENT F, LDF (RLIN)
a 7
b cbc
c orignew
d 1
e ocip
f 19
g y-gencatlg
942 ## - ADDED ENTRY ELEMENTS (KOHA)
Source of classification or shelving scheme Library of Congress Classification
Koha item type REFERENCE
Holdings
Withdrawn status Lost status Source of classification or shelving scheme Damaged status Not for loan Collection code Home library Current library Shelving location Date acquired Total Checkouts Full call number Barcode Date last seen Copy number Price effective from Koha item type
    Library of Congress Classification     Main Collection ARRUPE LIBRARY ARRUPE LIBRARY Main Collection 23/10/2018   REF. PE1128 .O984 1991 vol. 3 46600002989 23/10/2018 vol. 3 usage 23/10/2018 REFERENCE
    Library of Congress Classification       ARRUPE LIBRARY ARRUPE LIBRARY   31/10/2018   REF. PE1128 .O984 1991 vol. 2 46600002988 31/10/2018 vol. 2 spelling 31/10/2018 REFERENCE
    Library of Congress Classification       ARRUPE LIBRARY ARRUPE LIBRARY   31/10/2018   REF. PE1128 .O984 1991 vol. 1 46600002990 31/10/2018 vol.1 grammar 31/10/2018 REFERENCE
    Library of Congress Classification   Not For Loan REFERENCE ARRUPE LIBRARY ARRUPE LIBRARY REFERENCE 07/10/2020   REF. PE1128 .O984 1991 46600008338 07/10/2020   07/10/2020 REFERENCE

 

Arrupe Library. PO Box MP320 Mt Pleasant, Harare, Zimbabwe
263 242 745411|librarian@aju.ac.zw